Повышение качества нефтегазового образования; Современные техника и технологии; Т. 2

Λεπτομέρειες βιβλιογραφικής εγγραφής
Parent link:Современные техника и технологии: X Юбилейная международная научно-практическая конференция студентов, аспирантов и молодых ученых, посвященная 400-летию г. Томска, Томск, 29 марта - 2 апреля 2004 г./ Томский политехнический университет.— , 2004
Т. 2.— 2004.— С. 362-363
Κύριος συγγραφέας: Сваровская Н. А. Наталья Алексеевна
Γλώσσα:Ρωσικά
Έκδοση: 2004
Θέματα:
Μορφή: Κεφάλαιο βιβλίου
KOHA link:https://koha.lib.tpu.ru/cgi-bin/koha/opac-detail.pl?biblionumber=183480

MARC

LEADER 00000naa2a2200000 4500
001 183480
005 20260113115450.0
035 |a (RuTPU)RU\TPU\book\198893 
090 |a 183480 
100 |a 20100722d2004 k y0rusy50 ca 
101 0 |a rus 
102 |a RU 
200 1 |a Повышение качества нефтегазового образования  |f Н. А. Сваровская 
461 1 |0 (RuTPU)RU\TPU\book\66154  |t Современные техника и технологии  |o X Юбилейная международная научно-практическая конференция студентов, аспирантов и молодых ученых, посвященная 400-летию г. Томска, Томск, 29 марта - 2 апреля 2004 г.  |o труды  |f Томский политехнический университет  |d 2004 
463 1 |0 (RuTPU)RU\TPU\book\65883  |t Т. 2  |v С. 362-363  |d 2004 
610 1 |a подготовка специалистов 
610 1 |a вузы 
610 1 |a нефтегазовое образование 
610 1 |a лекционные занятия 
610 1 |a учебные дисциплины 
610 1 |a физика пласта 
610 1 |a тесты 
610 1 |a труды учёных ТПУ 
700 1 |a Сваровская  |b Н. А.  |c геолог  |c профессор Томского политехнического университета  |f 1949-  |g Наталья Алексеевна  |3 (RuTPU)RU\TPU\pers\31364 
801 1 |a RU  |b 63413507  |c 20100722 
801 2 |a RU  |b 63413507  |c 20140329  |g RCR 
942 |c BK